000 00256nam a2200097Ia 4500
008 240331s9999 xx 000 0 und d
082 _a294
_bWAL
100 _a Walpola Sri Rahula ,Himi
245 0 _aLakdiwa Budu samaye ithihasaya :
_bAnurapura period
942 _cL
999 _c904
_d904